000 00345pab a2200145 454500
008 180718b2003 xxu||||| |||| 00| 0 eng d
100 _aAnand, Vinod K.
245 _aThe plight of the poor farmers: a point of view
260 _c2003
300 _ap.16-18.
362 _a30 Aug
650 _aFarmers
773 _aMainstream
909 _a58035
999 _c58035
_d58035